000 00257nam a2200121Ia 4500
100 _aCIMI-DGET
942 _cBK
245 _aTool & Die Maker IInd YEAR DIES & MOULDS THEORY
260 _b#N/A
_aChennai
300 _a108
546 _aENGLISH
999 _c32442
_d32442